000 00745naa a22002297u 4500
001 17602
003 HDC
007 cr bn ---aaaaa
008 210224t xx 000 0 eng
040 _aHDC
245 4 _aThe Forum and the Harvest
260 _a[No place] :
_b[publisher not identified],
_c[no year]
336 _atext
_2rdacontent
337 _acomputer
_2rdamedia
338 _aonline resource
_2rdacarrier
650 _aEconomics
_xReligious aspects
_xIslam
_9440
650 _aMuslims
_9247
856 _zRequest full-text at [email protected]
942 _2lcc
942 _cEIJ
942 _kEMAG 000616
999 _c14918
_d14918